| 000 | 01526nam a2200373 i 4500 | ||
|---|---|---|---|
| 001 | 32328 | ||
| 003 | Mx-PuUPA | ||
| 005 | 20250616111408.0 | ||
| 008 | 140415s2016 sp gr 001 0 spa d | ||
| 017 | _aM. 3.019-2016 | ||
| 020 | _a9788491043409 | ||
| 040 |
_cMx-PuUPA _aMx-PuUPA _bspa _dMx-PuUPA _erda |
||
| 041 | 1 |
_aspa _hger |
|
| 100 | 1 |
_aKant, Immanuel, _d1724-1804 _eautor _9159 |
|
| 240 | 1 | 4 |
_aDie Religion Innerhalb der Grenzen der blossen Vernunft. _lEspañol |
| 245 | 1 | 3 |
_aLa religión dentro de los límites de la mera razón / _cInmanuel Kant ; traducción, prólogo y notas de Felipe Martínez Marzoa |
| 250 | _aTercera edición | ||
| 264 | 1 |
_aMadrid, España : _bAlianza Editorial, _c2016 |
|
| 336 |
_2rdacontent _atexto _btxt |
||
| 337 |
_2rdamedia _asin medio _bn |
||
| 338 |
_2rdacarrier _avolumen _bnc |
||
| 490 | 0 | _aFilosofía | |
| 500 | _aReimpresiones: (tercera reimpresión, 2024) | ||
| 500 | _aEn cubierta el nombre del autor se escribe como "Immanuel" y en portada como "Inmanuel". | ||
| 650 | 7 |
_2armarc _aFilosofía y religión |
|
| 650 | 7 |
_2armarc _aFe y razón |
|
| 650 | 7 |
_2armarc _aFilosofía cristiana _y1700-1799 |
|
| 700 | 1 |
_aMartínez Marzoa, Felipe, _etraductor _eprologuista _eautor de notas |
|
| 765 | 1 |
_aKant, Inmanuel _tDie Religion Innerhalb der Grenzen der blossen Vernunft _d1793 |
|
| 942 |
_2ddc _cLI _h193 _iK5618 |
||
| 999 |
_c32328 _d32328 |
||